Formative factors in Christian character. (Record no. 12749)

000 -LEADER
fixed length control field 00578nam a2200193 a 4500
001 - CONTROL NUMBER
control field :::00010563$&:&@@
003 - CONTROL NUMBER IDENTIFIER
control field OkBaRHE
005 - DATE AND TIME OF LATEST TRANSACTION
control field 20000607103400.0
008 - FIXED-LENGTH DATA ELEMENTS--GENERAL INFORMATION
fixed length control field s1959 j 000 0 eng u
040 ## - CATALOGING SOURCE
Transcribing agency
100 1# - MAIN ENTRY--PERSONAL NAME
Personal name Price, J. M.
245 10 - TITLE STATEMENT
Title Formative factors in Christian character.
260 ## - PUBLICATION, DISTRIBUTION, ETC. (IMPRINT)
Place of publication, distribution, etc Nashville, TN., :
Name of publisher, distributor, etc Convention Press
Date of publication, distribution, etc c1959
300 ## - PHYSICAL DESCRIPTION
Extent 132 p. ;
Dimensions 19 cm.
650 ## - SUBJECT ADDED ENTRY--TOPICAL TERM
Topical term or geographic name as entry element Christian Life
650 ## - SUBJECT ADDED ENTRY--TOPICAL TERM
Topical term or geographic name as entry element Pastoral Psychology
942 ## - ADDED ENTRY ELEMENTS (KOHA)
Source of classification or shelving scheme
Koha item type Books
Copies
Withdrawn status Permanent Location Source of classification or shelving scheme Copy number Not for loan Date acquired Koha item type Full call number Lost status Barcode Date last seen Damaged status Price effective from Shelving location
 RHEMA Bible Training College 1 2010-04-14BooksBV 4501 .P7 105632010-04-14 2010-04-14General Stacks